| 000 | 01073nam a22002531 4500 | ||
|---|---|---|---|
| 001 | 9673 | ||
| 003 | BD-RjUL | ||
| 005 | 20211208234821.0 | ||
| 008 | 140121s1957 nyua b 101 0 eng d | ||
| 035 | _a(BD-RjUL)9718 | ||
| 040 |
_aDLC/ICU _cICU _dDLC _dBD-RjUL _beng |
||
| 041 | _aeng | ||
| 082 | 0 | 0 |
_a572.46 _bNAR 1957 _223 |
| 110 | 2 |
_aNational Research Council (U.S.). _bCommittee on Photobiology. _929919 |
|
| 245 | 1 | 0 |
_aResearch in photosynthesis : _bpapers and discussions presented at the Gatlinburg conference, October 25-29, 1955, sponsored by the Committee on Photobiology of the National Academy of Sciences-National Research Council and supported by the National Science Foundation. _cEdited by H. Gaffron [and others]. |
| 260 |
_aNew York : _bInterscience Publishers, _c1957. |
||
| 300 |
_axiv, 524 p. : _billus., diagrs., tables. _c24 cm. |
||
| 504 | _aIncludes bibliographical references and index. | ||
| 650 | 0 |
_aPhotosynthesis _xCongresses. _929920 |
|
| 700 | 1 |
_aGaffron, H. _q(Hans), _929921 |
|
| 942 |
_2ddc _cBK |
||
| 999 |
_c9673 _d9673 |
||